000 00304nam a2200109Ia 4500
008 171211s9999 xx 000 0 und d
245 _aInvertebrate Vision
245 _cDan-Eric Nilsson and Eric Warrant
260 _c2006
650 _xBiology
856 _uhttp://down.ebook777.com/062/9780521830881.pdf
999 _c350385
_d350385